000 01092cam a22002651 4500
999 _c23487
_d23487
001 9129167
003 BDDh-ASL
005 20231015030240.0
008 721006s1890 enk 000 0 eng
010 _a 01019240
035 _a(OCoLC)424170
040 _aDLC
_cOKentU
_dOCoLC
_dDLC
_dBDDh-ASL
050 0 0 _aGN539
_b.S37
082 _a930.1
_bSCP
100 1 _aSchrader, Otto,
_d1855-1919.
245 1 0 _aPrehistoric antiquities of the Aryan peoples:
_ba manual of comparative philology and the earliest culture. Being the "Sprachvergleichung und urgeschichte" /
_cDr. O. Schrader. Tr. by Frank Byron Jevons ... From the 2d rev. & enl. German ed. with the sanction and co-operation of the author.
260 _aLondon:
_aDelhi:
_bC. Griffin and company,
_bOriental Publishers,
_c1890.
_c1972.
300 _axv, 486 p. :
_c23 cm.
650 0 _aIndo-Aryans.
650 0 _aIndo-European languages
_xEtymology.
650 0 _aIndo-European antiquities.
700 1 _aJevons, F. B.
_q(Frank Byron),
_d1858-1936.
906 _a7
_bcbc
_coclcrpl
_du
_encip
_f19
_gy-gencatlg
942 _2ddc
_cBK